Železobetón, predpätý betón a špeciálne betóny

Bibliographic Details
Main Author: Myška, Milan, 1956- (Author)
Format: Article
Language:Slovak
PhysicalDescription:Fotogr.
ISSN:1335-1230
Subjects:

MARC

LEADER 00000nab a2200000 a 4500
001 vtls008408193
003 SK-MaSNL
005 20260303070101.0
008 140328c2005 xo zr|p|||||||000 b|slo
015 |a SNBRB2005/11  |2 snkbucl 
038 |a SNKBUCL 
040 |a SNKBUCL  |b slo  |c SNKBUCL  |e AACR2 
041 0 |a slo 
044 |a xo  |c SK 
080 |a 691.328.1  |2 1997 
080 |a 691.328.2  |2 1997 
100 1 |a Myška, Milan,  |d 1956-  |4 aut  |9 204746 
245 1 0 |a Železobetón, predpätý betón a špeciálne betóny  |c Milan Myška 
300 |b Fotogr. 
650 0 7 |a železobetón  |2 snkbucl  |9 23197 
650 0 7 |a predpätý betón  |2 snkbucl  |9 100801 
650 0 7 |a Špeciálne betóny  |2 snkbucl  |9 1067040 
773 0 |t ASB  |g Roč. XII, č. 7-8 (2005), s. 102-104  |x 1335-1230 
852 |a SNK  |b KIS3GCP 
999 |c 1753888  |d 1755818